Anagrammi dei Calciatori - Quiz n°30 - Statistics

Statistiche generali
  • Questo quiz è stato fatto 8 volte
  • Il punteggio medio è 6 su 10
Statistiche sulle risposte
Anagramma Calciatore % Corretto
ntaony Antony
100%
arvyd Vardy
100%
löendfil Lindelöf
83%
notce Conte
67%
aceomirs Casemiro
50%
uagstto Gattuso
50%
ezatem Tameze
50%
akblcla Ballack
33%
ceiichrșh Chiricheș
33%
ittrmie Miretti
33%
Nessun quiz corrispondente trovato
Distribuzione punteggi
Percentuale di utenti per punteggio
Percentile per numero di risposta
I tuoi punteggi nel tempo
Non hai fatto questo quiz